000 00776nam a2200265 a 4500
001 72829
003 BD-RjUL
005 20211209082320.0
008 170524s1961 enka b 001 0 eng d
035 _a(BD-RjUL)73047
040 _aDLC
_cF
_dBD-RjUL
_beng
041 _aeng
082 _223
_a579.6
_bSIM 1961
100 1 _aSinger, Rolf.
_9215409
245 1 0 _aMushrooms and truffles :
_bbotany, cultivation, and utilization /
_cBy Rolf Singer
260 _aLondon :
_bL. Hill,
_cc1961.
300 _axxiii, 272 p. :
_bill. ;
_c26 cm.
490 0 _aWorld crops books.
504 _aIncludes bibliographies and indexes.
650 0 _aMushrooms.
_9215410
650 0 _aTruffles.
_9215411
830 _aWorld crops books.
_9215412
942 _2ddc
_cBK
999 _c72829
_d72829